000 00826nas a2200277 4500
001 BR0603597
003 BR-BrBNA
005 20231205110252.0
007 ta
008 230509b bl.|||p| |||| 00| 00por d
040 _aBR-BrBNA
_bpor
_cBiblioteca Nacional de Agricultura
041 _a(Pt)
072 _aH01
100 1 _aCastro. P.R.C.
100 1 _aCato, S.C.
245 1 _aEfeitos da aplicação foliar de codamin e grain-set em soja
650 _aSOJA
650 _aESTIMULANTE DE CRESCIMENTO VEGETAL
650 _aPRODUTIVIDADE
650 _aAMINOÁCIDO
650 _aDEFICIÊNCIA MINERAL
650 _aPULVERIZAÇÃO FOLIAR
773 0 _tRevista de Agricultura (Brazil)
_xISSN 0034-7655
_g(Dec 2004), v. 79(3) p. 341-3650
_wBR0603597
909 _a202311
_bLúcia
_c55
_dLúcia Elande
942 _2AGRIS
_n0
_cANA
999 _c186759
_d186759